000 00434nam a2200181Ia 4500
008 151202s9999||||xx |||||||||||||| ||und||
082 _bPNVM-10095
100 _aMAHAFFY J.P.
245 _aGREEK ANTIQUITIES.
260 _bMACMILLAM & CO. LONDON.
260 _c0
300 _a231
600 _aMAHAFFY J.P.
630 _aGREEK ANTIQUITIES.
700 _aMAHAFFY J.P.
730 _aGREEK ANTIQUITIES.
942 _cBOOK
999 _c1276084
_d1276081